00750cam a2200241 i 4500001000800000005001700008008004100025010001700066020001500083040001800098041000800116060001600124080002500140082001900165100000600184101000800190245007900198504003900277906004500316942001200361999001700373952011800390366812520180809062923.0780321s1978 paua b 001 0 eng  a 77084680  a0721671918 aDLCcDLCdDLC aeng aWG220 P449c 22 nda616.120 PER00a616.120 PER1 a7 aKAR14aThe clinical recognition of congenital heart disease /cJoseph K. Perloff. aIncludes bibliographies and index. a7bcbccorignewd1eopcnf19gy-gencatlg 2ddccBK c46967d46967 00102ddc40708PËKGa002b002cPËKGd2018-08-09l0o616.120 PERp002-3010747r2018-08-09w2018-08-09yBK